Ian Wilson, the discussions / (Record no. 395)

MARC details
000 -LEADER
campo de control de longitud fija 01815cam a22003737a 4500
001 - NÚMERO DE CONTROL
campo de control 16142922
005 - FECHA Y HORA DE LA ÚLTIMA TRANSACCIÓN
campo de control 20220326193308.0
008 - DATOS DE LONGITUD FIJA--INFORMACIÓN GENERAL
campo de control de longitud fija 090724s2008 ne a 000 0 eng d
010 ## - NÚMERO DE CONTROL DE LA BIBLIOTECA DEL CONGRESO
Número de control de LC 2010389092
020 ## - NÚMERO INTERNACIONAL ESTÁNDAR DEL LIBRO
Número Internacional Estándar del Libro 9789070149956 (English ed.)
020 ## - NÚMERO INTERNACIONAL ESTÁNDAR DEL LIBRO
Número Internacional Estándar del Libro 9070149958 (English ed.)
035 ## - NÚMERO DE CONTROL DEL SISTEMA
Número de control de sistema (OCoLC)427636923
035 ## - NÚMERO DE CONTROL DEL SISTEMA
Número de control de sistema (OCoLC)ocn427636923
040 ## - FUENTE DE CATALOGACIÓN
Centro catalogador/agencia de origen VVP
Centro/agencia transcriptor VVP
Centro/agencia modificador DLC
042 ## - CÓDIGO DE AUTENTICACIÓN
Código de autenticación lccopycat
082 ## - NÚMERO DE LA CLASIFICACIÓN DECIMAL DEWEY
Número de clasificación 708
Número de ítem R787i
100 ## - ENTRADA PRINCIPAL--NOMBRE DE PERSONA
Nombre de persona Berndes, Christiane. et all
9 (RLIN) 1875
245 00 - MENCIÓN DEL TÍTULO
Título Ian Wilson, the discussions /
Mención de responsabilidad, etc. [concept, Christiane Berndes ... [et al.] ; authors, Chantal Kleinmeulman, Anne Rorimer].
260 ## - PUBLICACIÓN, DISTRIBUCIÓN, ETC.
Lugar de publicación, distribución, etc. Eindhoven :
Nombre del editor, distribuidor, etc. Van Abbemuseum ;
Lugar de publicación, distribución, etc. [Barcelona] :
Nombre del editor, distribuidor, etc. MACBA, Museu d'Art Contemporani de Barcelona ;
Lugar de publicación, distribución, etc. [Genève] :
Nombre del editor, distribuidor, etc. Mamco, Musée d'art moderne et contemporain de Genève,
Fecha de publicación, distribución, etc. c2008.
300 ## - DESCRIPCIÓN FÍSICA
Extensión 189 p. ;
Dimensiones 27 cm.
500 ## - NOTA GENERAL
Nota general "This publication accompanies a presentation of Ian Wilson's work at Van Abbemuseum, Eindhoven (4 October 2008-8 March 2009), Mamco, Musée d'art moderne et contemporain de Genève (24 February-24 May 2009), MACBA, Museu d'Art Contemporani de Barcelona (14 May-27 September 2009)"--Colophon.
504 ## - NOTA DE BIBLIOGRAFÍA, ETC.
Nota de bibliografía, etc. Bibliography: p. 177-182.
600 10 - PUNTO DE ACCESO ADICIONAL DE MATERIA--NOMBRE DE PERSONA
Nombre de persona Wilson, Ian,
Fechas asociadas al nombre 1940-
9 (RLIN) 1876
650 #0 - PUNTO DE ACCESO ADICIONAL DE MATERIA--TÉRMINO DE MATERIA
Término de materia o nombre geográfico como elemento de entrada Conceptual art.
Subdivisión de forma reasoned catalog
9 (RLIN) 1877
650 #0 - PUNTO DE ACCESO ADICIONAL DE MATERIA--TÉRMINO DE MATERIA
Término de materia o nombre geográfico como elemento de entrada Conversation in art.
9 (RLIN) 1878
700 1# - ENTRADA AGREGADA--NOMBRE PERSONAL
Nombre de persona Berndes, Christiane.
9 (RLIN) 1879
700 1# - ENTRADA AGREGADA--NOMBRE PERSONAL
Nombre de persona Kleinmeulman, Chantal.
9 (RLIN) 1880
700 1# - ENTRADA AGREGADA--NOMBRE PERSONAL
Nombre de persona Rorimer, Anne.
9 (RLIN) 1881
710 2# - ENTRADA AGREGADA--NOMBRE DE ENTIDAD CORPORATIVA
Nombre de entidad corporativa o nombre de jurisdicción como elemento de entrada Stedelijk Van Abbemuseum.
9 (RLIN) 1882
710 2# - ENTRADA AGREGADA--NOMBRE DE ENTIDAD CORPORATIVA
Nombre de entidad corporativa o nombre de jurisdicción como elemento de entrada Museu d'Art Contemporani (Barcelona, Spain)
9 (RLIN) 1673
710 2# - ENTRADA AGREGADA--NOMBRE DE ENTIDAD CORPORATIVA
Nombre de entidad corporativa o nombre de jurisdicción como elemento de entrada Musée d'art moderne et contemporain (Geneva, Switzerland)
9 (RLIN) 1883
906 ## - ELEMENTOS DE DATOS F LOCAL, LDF (RLIN)
a 7
b cbc
c copycat
d 3
e ncip
f 20
g y-gencatlg
Holdings
Estatus retirado Estado de pérdida Fuente del sistema de clasificación o colocación Estado de daño No para préstamo Biblioteca de origen Biblioteca actual Ubicación en estantería Fecha de adquisición Total de préstamos Signatura topográfica completa Código de barras Visto por última vez Precio de reemplazo Tipo de ítem Koha
    Clasificación Decimal Dewey     Biblioteca LadoV Biblioteca LadoV   11/12/2014   708 R787i 000289 11/12/2014 11/12/2014 Material 01